000 00436nam a2200169Ia 4500
005 20240719053113.0
008 240331s9999 xx 000 0 und d
082 _a291
_bBUD
100 _aCentre for religion publication
245 0 _aBuddhist Christian Dialogue
260 _aColombo
_bCentre for society and Religion
_c1990
300 _aix, 155 p .,
650 _aHistory
650 _aReligion
650 _aEconomic
942 _cL
999 _c828
_d828